Biggest City in each U.S. State by Letter O - Statistics

General Stats
  • This quiz has been taken 939 times
    898 since last reset
  • The average score is 7 of 10
Answer Stats
State Population City % Correct
Oklahoma 579,999 Oklahoma City
97%
Nebraska 408,958 Omaha
96%
Florida 285,713 Orlando
95%
California 390,724 Oakland
84%
Kansas 173,372 Overland Park
72%
Wisconsin 66,083 Oshkosh
56%
Texas 99,940 Odessa
55%
Utah 97,839 Orem
49%
Kentucky 57,265 Owensboro
46%
Missouri 79,329 O'Fallon
34%
No matching quizzes found
Score Distribution
Percent of People with Each Score
Percentile by Number Answered
Your Score History
You have not taken this quiz since the last reset